| 000 | 01213nam a22003617a 4500 | ||
|---|---|---|---|
| 001 | 0018085 | ||
| 003 | KOHA_MİRAKIL | ||
| 005 | 20260207002202.0 | ||
| 007 | ta | ||
| 008 | 100623b2008 tu a|||gr||||#||||0|tur | | ||
| 020 | _a9789944223515 | ||
| 040 |
_aTR-BiSEU _btur _cTR-BiSEU _erda |
||
| 041 | 0 | _atur | |
| 044 | _ctu | ||
| 050 |
_aHF1418.5 _b.A93 2008 |
||
| 100 | 1 | _aAydemir, Muzaffer. | |
| 245 | 1 |
_aİşletmelerin küreselleşme stratejileri ve kobi örnekleminde bir uygulama/ _cMuzaffer Aydemir ; Muzaffer Aydemir, M. Kemal Demirci. |
|
| 264 | 1 |
_aAnkara : _bGazi Kitabevi _c2008 |
|
| 300 |
_a216 sayfa : _btbl. ; _c21 cm. |
||
| 336 |
_ametin _btxt _2rdacontent |
||
| 337 |
_aaracısız _bn _2rdamedia |
||
| 338 |
_acilt _bnc _2rdacarrier |
||
| 500 | _aKaynakça var. | ||
| 650 | 0 |
_aUluslararası ekonomik bütünleşme. _97370 |
|
| 650 | 0 |
_aUluslararası ticari girişimler. _938975 |
|
| 650 | 0 |
_aKüçük işletmeler--Türkiye. _910348 |
|
| 650 | 0 |
_aKüreselleşme. _96273 |
|
| 650 | 0 |
_aInternational economic integration. _93540 |
|
| 650 | 0 |
_aInternational business enterprises. _910539 |
|
| 650 | 0 |
_aSmall business--Turkey. _99259 |
|
| 650 | 0 |
_aGlobalization. _98441 |
|
| 942 |
_2lcc _cBK |
||
| 999 |
_c18042 _d18042 |
||